Arsenal 2024/2025 - Statystyki

Ogólne statystyki
  • Ten quiz został rozwiązany 168 razy
  • Średni wynik to 9 z 11
Statystyki odpowiedzi
Pozycja Zawodnik % Poprawnych
Bramkarz David Raya
95%
Prawy skrzydłowy Bukayo Saka
94%
Środkowy obrońca William Saliba
89%
Środkowy pomocnik Martin Ødegaard
88%
Środkowy pomocnik Declan Rice
87%
Środkowy obrońca Gabriel
86%
Lewy skrzydłowy Gabriel Martinelli
86%
Środkowy napastnik Kai Havertz
81%
Prawy obrońca Justin Timber
71%
Lewy obrońca Ołeksandr Zinchenko
52%
Defensywny pomocnik Jorginho
29%
Nie znaleziono quizów pasujących do podanych kryteriów
Rozkład punktacji
Procent ludzi z każdym wynikiem
Percentyl według liczby udzielonych odpowiedzi
Twoja historia wyników
Nie rozwiązałeś tego quizu